Statistiques concernant Equipe Type d'Inazuma Eleven S3

Cliquez ici pour prendre le quiz!

Statistiques générales

  • Ce quiz a été pris 264 fois
  • Le résultat moyen est 10 sur 16

Statistiques - réponses

PostesClubNom% Correct
GKInazuma JaponMark Evans
99%
BUInazuma JaponAxel Blaze
83%
MCInazuma JaponJude Sharp
83%
BUInazuma JaponXavier Foster
77%
AGRois du footballMac Robingo
72%
ADOrphéePaolo Bianchi
67%
MCOrphéeHidetoshi Nakata
66%
DCLes EmpereursThaigo Torres
66%
GKLittle GigantesHector Helio
65%
DDInazuma JaponArcher Hawkins
60%
MCInazuma JaponCaleb Stonewall
49%
BUOrgresBash Lancer
48%
MCDragons de feuByron Love
44%
DGKnights of QueenEdgar Partinus
41%
DCLions du DésertBilal Kalil
35%
DCAnges NoirsBael
5%

Distribution des résultats

Percentile par nombre de réponses

% des personnes avec chaque résultat

Votre développement - résultats

Vous n’avez pas pris ce quiz